Current status of three common leaf diseases of Hevea brasiliensis Muell. Arg. in Nigeria (Record no. 75686)

MARC details
000 -LEADER
fixed length control field 00711nam a22001697a 4500
100 ## - MAIN ENTRY--AUTHOR NAME
Personal name Victor, O.I.
245 ## - TITLE STATEMENT
Title Current status of three common leaf diseases of Hevea brasiliensis Muell. Arg. in Nigeria
260 ## - PUBLICATION, DISTRIBUTION, ETC. (IMPRINT)
Name of publisher Natural Rubber Industry: An Asset for Socio-economic development and preservation of the Environment: Proceedings of the International Rubber Conference, IRC 2018, 22-23 October 2018, International Rubber Research and Development Board, Abidjan, Cote D' Ivoire, pp. 51-53.
650 ## - SUBJECT ADDED ENTRY--TOPICAL TERM
Topical Term Foliar disease
650 ## - SUBJECT ADDED ENTRY--TOPICAL TERM
Topical Term Disease severity
650 ## - SUBJECT ADDED ENTRY--TOPICAL TERM
Topical Term Polyclonal garden
700 ## - ADDED ENTRY--PERSONAL NAME
Personal name Hilda, A.E.
700 ## - ADDED ENTRY--PERSONAL NAME
Personal name Emmanual, D.
700 ## - ADDED ENTRY--PERSONAL NAME
Personal name Benjamin, O.
942 ## - ADDED ENTRY ELEMENTS (KOHA)
Koha item type Articles
Holdings
Withdrawn status Lost status Damaged status Not for loan Home library Current library Date acquired Koha item type
        RRII Library RRII Library 24/10/2025 Articles